00718 2200229 4500001002100000005001500021035002000036007000300056008004100059020001800100082001200118084001800130100002000148245004200168260004400210300001200254500016200266650002500428856001700453990000900470990000900479INLIS00000000000007920220127073841 a0010-0122000079ta220127 g 0 ind  a9786020273600 a005.262 a005.262 WAH d0 aWahana Komputer1 aDesain Rumah Realistis dengan AutoCAD aJakarta :bElex Media Komputindo,c2015 a197 hlm aMembuat desain rumah mengunakan AutoCAD sangat mudah. dengan memanfaatkan fitur lengkapnya, dapat menciptakan beragam desain rumah, lengkap dengan ukurannya. 4aPemrograman tertentu aKoleksi Umum a4471 a4472